Foundations of graph theory (Record no. 756459)

MARC details
000 -LEADER
fixed length control field 00337nam a2200133 4500
020 ## - INTERNATIONAL STANDARD BOOK NUMBER
ISBN 9781647287283
100 ## - MAIN ENTRY--AUTHOR NAME
Personal name Griffin, Peter
245 ## - TITLE STATEMENT
Title Foundations of graph theory
Sub Title Vol. 2
260 ## - PUBLICATION, DISTRIBUTION, ETC. (IMPRINT)
Place of publication New York
Name of publisher Willford press
Year of publication 2025
300 ## - PHYSICAL DESCRIPTION
Number of Pages 262
650 ## - SUBJECT ADDED ENTRY--TOPICAL TERM
Topical Term Bipartite graphs
942 ## - ADDED ENTRY ELEMENTS (KOHA)
Source of classification or shelving scheme Dewey Decimal Classification
Koha item type Book
Holdings
Withdrawn status Lost status Source of classification or shelving scheme Damaged status Not for loan Collection code Home Library Current Location Shelving location Date acquired Source of acquisition Cost, normal purchase price Full call number Accession Number Price effective from Koha item type
    Dewey Decimal Classification   Not For Loan Reference Dept. of Mathematics Dept. of Mathematics Reference 17/02/2026 Book Bay, Trivandrum 14332.57 511.5 GRI-F MAT8178 19/02/2026 Book